[Event "Muensterland Verbandsklasse-A 0708"]
[Site "Germany"]
[Date "2007.10.20"]
[Round "2.5"]
[White "Cvetkovic, Reinhard"]
[Black "Rothkegel, Juergen"]
[Result "0-1"]
[WhiteElo "1794"]
[BlackElo "1889"]
[PlyCount "100"]
[EventDate "2007.09.22"]
[EventType "team"]
[EventRounds "9"]
[EventCountry "GER"]
[SourceTitle "EXT 2009"]
[Source "ChessBase"]
[SourceDate "2008.11.26"]
[SourceVersion "1"]
[SourceVersionDate "2008.11.26"]
[SourceQuality "1"]
[WhiteTeam "Raesfeld Erle"]
[BlackTeam "Gronau"]
[WhiteTeamCountry "GER"]
[BlackTeamCountry "GER"]

1. d4 Nf6 2. Nc3 d5 3. Bg5 e6 4. e4 dxe4 5. Nxe4 Be7 6. Nxf6+ Bxf6 7. Bxf6 Qxf6 8. Nf3 0-0 9. Bd3 Nd7 10. Qd2 e5 11. Ng5 g6 12. h4 h6 13. Ne4 Qf4 14. Qxf4 exf4 15. Ke2 f5 16. Nc3 Nf6 17. Bc4+ Kg7 18. Kf3 b5 19. Bxb5 Bb7+ 20. d5 Nxd5 21. Nxd5 Bxd5+ 22. Kxf4 Bxg2 23. Rhg1 Bd5 24. c4 Rab8 25. b3 Be4 26. f3 Bb7 27. Rae1 Kf6 28. Rd1 Rbd8 29. c5 Rd5 30. b4 Rfd8 31. Rxd5 Rxd5 32. Be8 g5+ 33. hxg5+ hxg5+ 34. Kg3 Rd3 35. c6 Bc8 36. Rh1 g4 37. Rh7 Rxf3+ 38. Kg2 Be6 39. Rxc7 Bd5 40. Rd7 Ke5 41. c7 Rc3+ 42. Kg1 Be6 43. Rg7 f4 44. Bb5 Kd6 45. c8Q Rxc8 46. Rxa7 g3 47. Ra3 Bd5 48. Bf1 Rc1 49. Rd3 Ke5 50. a4 f3 0-1